000 01689cam a22004694i 4500
003 PE-LiUPU
005 20250731173144.0
008 150623s r 000 0 d
020 _a0687049342
035 _a(Sirsi) i9780687049349
040 _aPE-LiUPU
_bspa
_cPE-LiUPU
_erda
049 _aPRUA
082 0 4 _a269
_bB21
_221
100 1 _aBandy, Thomas G.,
_d1950-,
_eautor.
245 1 0 _aKicking habits :
_bwelcome relief for addicted churches /
_cThomas G. Bandy.
264 1 _aNashville :
_bAbingdon Press,
_c2001.
300 _a266 páginas :
_bilustraciones, gráficos ;
_c23 centímetros
336 _atext
_2rdacontent
337 _aunmediated
_2rdamedia
338 _avolume
_2rdacarrier
505 0 _aThe new Church addiction stress test. The sistems of church life. The organization behind the system. From here to there: transforming the church organization. Welcome relief!.
526 _aSEG42
526 _aSEG41
526 _aSEG40
526 _aSEG39
526 _aP94
526 _aP87
526 _aP86
526 _aP85
526 _aP77
526 _aP76
526 _aP35
650 0 4 _aAdministración de iglesias.
650 0 4 _aCrecimiento de iglesia.
650 0 4 _aReavivamiento esperitual.
942 _2ddc
_cBOOK
949 _a269 B21
_wDEWEY
_c1
_i53151
_lCCODEBUL1
_mBUL
_p14.00
_r0
_sY
_tBOOK
_u2015-6-24
_xTEOLOGIA
_PP35
_0COMPRA
_o.STAFF. Colección General
994 _aC0
_bPEPRU
596 _a1
999 _a269 B21
_wDEWEY
_c34952
_i53151
_f2021-11-10
_g5
_lCCODEBUL1
_mBUL
_p14.00
_r0
_sY
_tBOOK
_u2015-6-24
_xTEOLOGIA
_PP35
_0COMPRA
_o.STAFF. Colección General
_d34952
980 _81
_gALBERTO SANCHEZ Responsable de Automatización